000 00345 a2200169 4500
001 182686
020 _a85-00-90703-7
040 _cMagnum
100 _aBarreto, Lima
240 1 0 _aClara dos Anjos
_lpor
245 1 0 _aClara dos Anjos
300 _a256
362 0 _a1997
440 1 _aEdiouro
697 _aLITERATURA GERAL
942 _cBK
999 _c182686
_d182686